• 首页
  • 本馆介绍
  • 公告通知
  • 最新文献
  • 馆藏检索
  • 电子资源
  • 读者导购
  • 参考咨询
  • 我的图书馆
  • 登录
  • 详细信息显示
  • 放入我的书架
  • 预约/预借图书
  • 作者相关作品
  • 分类相关作品
  • 丛书相关作品
  • 出版社相关作品

书目信息

  • 表格格式
  • 工作单格式
  • 卡片格式
题名:
一个人的徽抗战
    
 
作者: 樊建川 著
分册:  
出版信息: 北京   中译出版社  2015
页数: 323页
开本: 24cm
丛书名:
单 册:
中图分类: G262.9
科图分类:
主题词: 抗日战争--革命文物--收藏--中国
电子资源:
ISBN: 978-7-5001-4192-1
000 00846nam0 2200241 450
001 012001002813
005 20140926114740.0
010    @a978-7-5001-4192-1@dCNY45.00
100    @a20151126d2015 em y0chiy50 ea
101 0  @achi
102    @aCN@b110000
105    @aa z 000yy
106    @ar
200 1  @a一个人的徽抗战@9yi ge ren de hui kang zhan@f樊建川著
210    @a北京@c中译出版社@d2015
215    @a323页@c照片@d24cm
314    @a樊建川,建川博物馆聚落馆主。出版过《一个人的抗战》《抗俘——中国抗日战俘写真》等。
330    @a本书是一个爱国者、著名抗战文物收藏家樊建川先生的抗战微博选粹。书中淡淡地把一个头顶光环、真实的收藏家的日常生活娓娓道来。
606 0  @a抗日战争@x革命文物@x收藏@y中国
690    @aG262.9@v5
701  0 @a樊建川@9fan jian chuan@4著
801  0 @aCN@b上海新华@c20180901
905    @b1161546-50@dG262.9@e22@f5
    
    一个人的徽抗战/樊建川著.-北京:中译出版社,2015
    323页:照片;24cm
    
    
    ISBN 978-7-5001-4192-1:CNY45.00
    本书是一个爱国者、著名抗战文物收藏家樊建川先生的抗战微博选粹。书中淡淡地把一个头顶光环、真实的收藏家的日常生活娓娓道来。
●
相关链接 在E读中查询图书 在五车中查询图书 在当当中查询图书 在豆瓣中查询图书


正题名:一个人的徽抗战     索取号:G262.9/22         预约/预借

序号 登录号 条形码 馆藏地/架位号 状态 备注
1 1161546   211615466   第一样本阅览室/ [索取号:G262.9/22] 在馆    
2 1161547   211615475   第四借阅区/ [索取号:G262.9/22] 在馆    
3 1161548   211615484   第四借阅区/ [索取号:G262.9/22] 在馆    
4 1161549   211615493   第四借阅区/ [索取号:G262.9/22] 在馆    
5 1161550   211615509   第四借阅区/ [索取号:G262.9/22] 在馆    
唐山师范学院图书馆 欢迎您!
大连网信软件有限公司© 版权所有